[Event "SVK-chT1W 0102"]
[Site "Slovakia"]
[Date "2002.??.??"]
[Round "7"]
[White "Travenec, Igor"]
[Black "Krejci, Jakub"]
[Result "1-0"]
[WhiteElo "2210"]
[BlackElo "2286"]
[PlyCount "153"]
[EventDate "2001.10.??"]
[EventType "team-tourn"]
[EventRounds "11"]
[EventCountry "SVK"]
[SourceTitle "EXT 2007"]
[Source "ChessBase"]
[SourceDate "2006.11.23"]
[SourceVersion "1"]
[SourceVersionDate "2006.11.23"]
[SourceQuality "1"]

1. e4 c5 2. Nf3 e6 3. d4 cxd4 4. Nxd4 Nf6 5. Nc3 d6 6. Be2 Be7 7. 0-0 0-0 8. Kh1 Nc6 9. f4 a6 10. Be3 Qc7 11. Qe1 Nxd4 12. Bxd4 b5 13. Qg3 Bb7 14. e5 dxe5 15. Bxe5 Qb6 16. Bd3 Nh5 17. Qh3 g6 18. Ne4 f6 19. Bc3 b4 20. Bd2 f5 21. Be3 Qc7 22. Nd2 Bf6 23. Nc4 Rae8 24. Rae1 Bd5 25. b3 Bc3 26. Re2 Nf6 27. Bd2 Bxd2 28. Nxd2 a5 29. Qe3 Ng4 30. Qg3 Qg7 31. h3 Nf6 32. Kg1 Nh5 33. Qe3 Kh8 34. Rfe1 Qh6 35. Rf2 Qg7 36. Bc4 Nf6 37. Qe5 Nd7 38. Qxg7+ Kxg7 39. Rfe2 Kf7 40. Bb5 Re7 41. Nc4 Bxc4 42. Bxc4 Nc5 43. Re5 Rc8 44. Rd1 Rc6 45. g4 Kf6 46. g5+ Kf7 47. Kg2 Ra7 48. Kf3 a4 49. Rd4 axb3 50. axb3 Ke7 51. Bb5 Rcc7 52. Ke3 Ne4 53. Bd3 Nc3 54. Kf3 Rcb7 55. Rc5 Ra1 56. Rc8 Nd5 57. Bc4 Rd7 58. Bxd5 exd5 59. Rxb4 d4 60. Rh8 Ke6 61. Re8+ Kf7 62. Rh8 Ke6 63. Rb6+ Kd5 64. Rb5+ Kd6 65. Rhb8 Rf1+ 66. Kg3 Rg1+ 67. Kf2 Rh1 68. R8b6+ Ke7 69. Kg2 Rc1 70. Re5+ Kf7 71. Re2 d3 72. cxd3 Rxd3 73. Rb7+ Kf8 74. Rxh7 Rxb3 75. Rh6 Kf7 76. Ra2 Rcc3 77. Rh7+ 1-0

[Event "Regionalliga NW 0102"]
[Site "Bayern"]
[Date "2001.11.25"]
[Round "3.3"]
[White "Wambach, Juergen"]
[Black "Krejci, Jakub"]
[Result "0-1"]
[WhiteElo "2010"]
[BlackElo "2155"]
[PlyCount "130"]
[EventDate "2001.10.07"]
[EventType "team-tourn"]
[EventRounds "9"]
[EventCountry "GER"]
[SourceTitle "EXT 2003"]
[Source "ChessBase"]
[SourceDate "2002.11.25"]
[SourceVersion "1"]
[SourceVersionDate "2002.11.25"]
[SourceQuality "1"]
[WhiteTeam "Klingenberg"]
[BlackTeam "Obernau"]
[WhiteTeamCountry "GER"]
[BlackTeamCountry "GER"]

1. c4 c5 2. Nc3 Nf6 3. g3 d5 4. cxd5 Nxd5 5. Bg2 Nc7 6. Nf3 Nc6 7. 0-0 e5 8. d3 Be7 9. Be3 0-0 10. Na4 Na6 11. Rc1 Qa5 12. Nd2 Bd7 13. Nc4 Qc7 14. Nc3 Rac8 15. f4 exf4 16. Nd5 Qd8 17. Nxe7+ Nxe7 18. Bxf4 Bc6 19. e4 Ng6 20. Be3 b6 21. Qb3 Qd7 22. Qc3 Nb4 23. Rcd1 Nxa2 24. Qa3 Nb4 25. Rd2 Bb5 26. b3 Nc6 27. Rf5 Nce7 28. Rh5 Rcd8 29. Qa1 Qc7 30. d4 Bxc4 31. bxc4 cxd4 32. Bxd4 Nc6 33. Bc3 Rxd2 34. Bxd2 Nce5 35. Bc3 f6 36. Bf1 Rd8 37. Qa2 Qc5+ 38. Qf2 Qxf2+ 39. Kxf2 h6 40. Ke3 Kf7 41. Be2 Rc8 42. Kd4 Ne7 43. Bb4 N7c6+ 44. Kc3 Nxb4 45. Kxb4 Rc5 46. Rf5 Nc6+ 47. Kc3 Rxf5 48. exf5 Ke7 49. g4 Kd6 50. Kd3 Kc5 51. Kc3 Ne5 52. h3 Nc6 53. Bd1 Nd4 54. Kd3 a6 55. Kc3 h5 56. Kd3 h4 57. Kc3 b5 58. cxb5 axb5 59. Kd3 Kd5 60. Kc3 Ke4 61. Kb4 Kf4 62. Kc5 Nf3 63. Kxb5 Ng5 64. Kc5 Nxh3 65. Kd5 Nf2 0-1

[Event "Regionalliga NW 0102"]
[Site "Bayern"]
[Date "2001.11.11"]
[Round "2.4"]
[White "Boss, Rolf"]
[Black "Krejci, Jakub"]
[Result "0-1"]
[WhiteElo "1935"]
[BlackElo "2155"]
[PlyCount "84"]
[EventDate "2001.10.07"]
[EventType "team-tourn"]
[EventRounds "9"]
[EventCountry "GER"]
[SourceTitle "EXT 2003"]
[Source "ChessBase"]
[SourceDate "2002.11.25"]
[SourceVersion "1"]
[SourceVersionDate "2002.11.25"]
[SourceQuality "1"]
[WhiteTeam "Sand"]
[BlackTeam "Obernau"]
[WhiteTeamCountry "GER"]
[BlackTeamCountry "GER"]

1. d4 Nf6 2. c4 e6 3. Nc3 Bb4 4. Qc2 d5 5. a3 Bxc3+ 6. Qxc3 Ne4 7. Qc2 c5 8. dxc5 Nc6 9. Nf3 Qa5+ 10. Bd2 Qxc5 11. e3 Nxd2 12. Nxd2 d4 13. b4 Qe7 14. e4 e5 15. Bd3 Qg5 16. g3 Bh3 17. c5 0-0 18. Nc4 Qe7 19. f4 exf4 20. gxf4 b6 21. Nd6 bxc5 22. bxc5 Rab8 23. Rg1 f5 24. Rg3 fxe4 25. Bxe4 Bf5 26. 0-0-0 Bxe4 27. Nxe4 Qf7 28. Rf1 h6 29. Nd6 Qf6 30. Rg6 Qe7 31. Qd2 Rf6 32. Rg3 Kh7 33. Re1 Re6 34. Reg1 g6 35. f5 Re2 36. fxg6+ Kg8 37. Qxh6 Re1+ 38. Rxe1 Qxe1+ 39. Kc2 Qe2+ 40. Kc1 Qe1+ 41. Kc2 Qb1+ 42. Kd2 Rb2# 0-1